Responses for Show #4939 - Thursday, February 16, 2006

2006 Teen Tournament final game 1.

Contestants

[<< previous game]

Matt Klein, a senior from Pittsford, New York

Papa Chakravarthy, a sophomore from Lexington, Kentucky

Andrew Kreitz, a senior from Huntington Beach, California

[next game >>]

Jeopardy! Round responses

GREAT LIT
TV TEENS
THE LARGEST U.S. STATE
(Alex: We're talking about area, here.)
PLANT LIFE
MOVIEMAKING
YOU GET A "D"
    $200 4
(Papa: What is Goodbye Mr. Chips?)
(Matt: What is The [*]?)

Lord of the Flies

PapaMatt
    $200 12
(Matt: Who is Lois Lane?)

Lana Lang

Matt
Triple Stumper
    $200 1
New Mexico

Matt
    $200 26
cactus

Andrew
    $200 13
(Andrew: What is a panorama?)

focus

Andrew
Triple Stumper
    $200 28
dorsal

Andrew
    $400 5
1984

Papa
    $400 22
Veronica Mars

Triple Stumper
    $400 2
Montana

Andrew
    $400 27
(Papa: What is camomile?)

rose

Papa
Triple Stumper
    $400 14
reels

Papa
    $400 6
detergent

Papa
    $600 9
(Alex: [*], [*], yes, you had to show off there. Good, good for you.)
(Matt: I did.)

Le petit prince (or The Little Prince)

Matt
    $600 23
Gregory Smith

Triple Stumper
    $600 3
Oregon

Matt
    $600 17
moss

Papa
    $600 24
framing

Matt
    $600 25
differ

Matt
    $800 10
Journey to the Center of the Earth

Andrew
    $800 29
[Matt smiles broadly at knowing this response, prompting laughter from the audience.]

Mischa Barton

Matt
    $800 15
(Matt: What is Maryland?)

Maine

PapaMatt
    $800 16
California

Papa
    $800 19
titles

Matt
    $800 7
dynasty

Papa
    $1000 11
(Papa: What is The Anthem?)

The Fountainhead

PapaMatt
    $1000 30
(Alex: Noticed a big smile on your face, there, Matt, when, uh, Mischa's picture came up.)
(Matt: What can I say?)
(Alex: What can you say, indeed. All right. Ha ha ha. We'll give him a moment to recover. We'll take a break. We'll come back for Double Jeopardy!)

Degrassi

Matt
    $1000 8
Michigan

Matt
    $1,500 18
Narcissus

Papa
    $1000 20
a slate board

Triple Stumper
    $1000 21
(Matt: What is a [*] tape?)

demonstration

Matt

Scores at the first commercial break (after clue 16):

Andrew Papa Matt
$1,000 $2,400 $2,600

Scores at the end of the Jeopardy! Round:

Andrew Papa Matt
$1,400 $4,100 $7,400

Double Jeopardy! Round responses

GREAT BRIT
SCI-FI/FANTASY HEROINES
TEENS IN HISTORY
RELIGION
WHAT KIN ARE YOU TO ME?
FILTHY 4-LETTER WORDS
    $400 1
Shakespeare

Matt
    $400 6
(Alex: Boy, you get all the good-looking ones, don't you?)
[Laughter]
(Matt: [Blushing] I do.)

Jessica Alba

Matt
    $400 11
(Alexander Graham) Bell

Papa
    $400 30
Islam

Matt
    $400 19
(Papa: What is mother?)

a daughter

PapaMatt
    $400 29
dirt

Matt
    $800 2
Winston Churchill

Andrew
    $800 7
Amidala

Andrew
    $800 14
Michelangelo

Matt
    $800 21
Hinduism

Papa
    $800 20
(Andrew: What is aunt?)

sister

AndrewPapa
    $800 28
clay

Papa
    $1200 3
Stephen Hawking

Andrew
    $1200 8
Futurama

Andrew
    $1200 15
(Papa: What is Canada?)
...
(Alex: She ran for president of [*] in the 1800s.)

the United States

Papa
Triple Stumper
    $1200 18
the Mormon Church

Andrew
    $3,000 27
(Papa: What is brother?)
(Alex: Oh, no. He is the son of Robert Kennedy, so he is the [*] of Senator Ted Kennedy.)

nephew

Papa
    $1200 22
soot

Papa
    $1,000 4
(Andrew: Hm! Shoot. ...I really have no idea.)
(Alex: Well if you had thought about British prime ministers you might have come up with Mrs. Thatcher.)
(Andrew: Really. Hmm. [*].)
(Alex: So you lost $1,000. I love your editorial sounds, though.)

Margaret Thatcher

Andrew
    $1600 9
(Matt: What is... I don't know.)

Arwen (or Eowyn)

AndrewMatt
    $1600 16
Budapest

Matt
    $1600 12
the Dalai Lama

Matt
    $1600 23
brother

Matt
    $1600 24
mess

Matt
    $2000 5
Newton

Andrew
    $2000 10
(Alex: Three for three, young man.)
(Matt: Yeahhh.)
[Applause]

Anna Paquin

Matt
    $2000 17
Keats

Papa
    $2000 13
Assisi

Matt
    $2000 26
(Papa: What is great-grandfather?)

grandfather

Papa
Triple Stumper
    $2000 25
muck

Papa

Scores at the end of the Double Jeopardy! Round:

Andrew Papa Matt
$8,400 $5,500 $19,000

Final Jeopardy! Round responses

AMERICAN MUSIC
PapaWhat is Stars and Stripes?
$1,500
AndrewWhat is the Washington Post March
$1,900
MattWhat is hail to the chief?
$7,200
"Stars and Stripes Forever"

Final scores:

Andrew Papa Matt
$6,500 $4,000 $11,800

Game dynamics:

Coryat scores:

Andrew Papa Matt
$9,400 $8,000 $19,000
11 R,
3 W
(including 1 DD)
15 R
(including 1 DD),
7 W
(including 1 DD)
24 R,
3 W

Combined Coryat: $36,400

[game clues] [game scores] [suggest correction]

Game tape date: Unknown
The J! Archive is created by fans, for fans. Scraping, republication, monetization, and malicious use prohibited; this site may use cookies and collect identifying information. See terms. The Jeopardy! game show and all elements thereof, including but not limited to copyright and trademark thereto, are the property of Jeopardy Productions, Inc. and are protected under law. This website is not affiliated with, sponsored by, or operated by Jeopardy Productions, Inc. Join the discussion at JBoard.tv.